[Event "GRE-chT Online ED & SA 2nd"]
[Site "Tornelo INT"]
[Date "2022.05.15"]
[Round "6"]
[White "Christofakis, Emmanouil"]
[Black "Neofitidis, Veniamin"]
[Result "0-1"]
[WhiteElo "1199"]
[BlackElo "1701"]
[PlyCount "104"]
[EventDate "2022.05.14"]
[EventType "team-swiss (rapid)"]
[EventRounds "7"]
[EventCountry "GRE"]
[SourceTitle "EXT 2024"]
[Source "ChessBase"]
[SourceDate "2023.10.10"]
[SourceVersion "1"]
[SourceVersionDate "2023.10.10"]
[SourceQuality "1"]

1. d4 Nf6 2. Nf3 g6 3. Bg5 Bg7 4. e3 0-0 5. Nbd2 b6 6. Be2 Bb7 7. 0-0 d6 8. c3 Nbd7 9. a4 e5 10. a5 Rc8 11. axb6 axb6 12. Qc2 h6 13. Bh4 g5 14. Bg3 e4 15. Ne1 d5 16. h3 c5 17. Qb3 c4 18. Qd1 b5 19. h4 Qb6 20. hxg5 hxg5 21. f3 b4 22. fxe4 Nxe4 23. Nxe4 dxe4 24. Bg4 Qb5 25. Rf5 Qb6 26. Rxg5 Rcd8 27. Bxd7 Rxd7 28. Qg4 f6 29. Qxd7 fxg5 30. Bd6 Bc8 31. Qe7 Rf7 32. Qe8+ Bf8 33. Bc5 Qf6 34. Bxf8 Rxf8 35. Qxe4 Qf2+ 36. Kh2 Bf5 37. Qd5+ Kg7 38. Ra7+ Kg6 39. Ra6+ Kh5 40. Qf3+ Bg4 41. Qxf2 Rxf2 42. cxb4 Re2 43. b5 Rxe1 44. b6 Rxe3 45. b7 Rb3 46. Ra7 Rxb2 47. d5 c3 48. d6 c2 49. b8Q Rxb8 50. Rh7+ Kg6 51. d7 c1Q 52. Re7 Qf4+ 0-1

[Event "GRE-chT Online ED & SA 2nd"]
[Site "Tornelo INT"]
[Date "2022.05.15"]
[Round "5"]
[White "Seferis, Georgios"]
[Black "Christofakis, Emmanouil"]
[Result "1-0"]
[WhiteElo "1657"]
[BlackElo "1199"]
[PlyCount "139"]
[EventDate "2022.05.14"]
[EventType "team-swiss (rapid)"]
[EventRounds "7"]
[EventCountry "GRE"]
[SourceTitle "EXT 2024"]
[Source "ChessBase"]
[SourceDate "2023.10.10"]
[SourceVersion "1"]
[SourceVersionDate "2023.10.10"]
[SourceQuality "1"]

1. d4 c5 2. d5 d6 3. Nc3 Nf6 4. e4 g6 5. Nf3 Bg7 6. Be2 a6 7. a4 0-0 8. 0-0 Nbd7 9. h3 Nb6 10. Bf4 e6 11. a5 e5 12. Be3 Nbd7 13. Nd2 Ne8 14. Nc4 Qc7 15. Qd2 Nef6 16. Bd3 b6 17. axb6 Nxb6 18. Nxb6 Qxb6 19. Rfb1 Bd7 20. b4 Nh5 21. bxc5 Qc7 22. c6 Bc8 23. Qe2 Nf4 24. Qf1 Qd8 25. Ne2 h5 26. Ra3 Nxd3 27. cxd3 Qc7 28. f3 Bf6 29. d4 Kg7 30. dxe5 dxe5 31. Qf2 Be7 32. Ra4 Rb8 33. Qe1 Bd6 34. Nc3 f5 35. Rxb8 Qxb8 36. Qb1 Qc7 37. Qb6 f4 38. Qxc7+ Bxc7 39. Bc5 Rd8 40. Na2 Bd6 41. Bxd6 Rxd6 42. Nb4 Kf7 43. Nxa6 Bxa6 44. Rxa6 Rd8 45. Ra7+ Kf6 46. c7 Rc8 47. Ra6+ Kf7 48. Rc6 Kg7 49. h4 Kh6 50. Kf1 Kg7 51. Ke2 Kf8 52. Kd3 Ke7 53. Kc4 Kd7 54. Kb5 Rxc7 55. Rxc7+ Kxc7 56. Kc5 Kd7 57. Kb6 Kd6 58. Kb7 Kd7 59. Ka6 Kd6 60. Kb6 Kd7 61. Kc5 Kc7 62. d6+ Kd7 63. Kd5 Kd8 64. Kxe5 Kd7 65. Kd5 Kd8 66. e5 g5 67. hxg5 h4 68. e6 h3 69. gxh3 Ke8 70. g6 1-0

[Event "GRE-chT Online ED & SA 2nd"]
[Site "Tornelo INT"]
[Date "2022.05.14"]
[Round "3"]
[White "Lemonis, Kyriakos"]
[Black "Christofakis, Emmanouil"]
[Result "1-0"]
[WhiteElo "1642"]
[BlackElo "1199"]
[PlyCount "71"]
[EventDate "2022.05.14"]
[EventType "team-swiss (rapid)"]
[EventRounds "7"]
[EventCountry "GRE"]
[SourceTitle "EXT 2024"]
[Source "ChessBase"]
[SourceDate "2023.10.10"]
[SourceVersion "1"]
[SourceVersionDate "2023.10.10"]
[SourceQuality "1"]

1. d4 Nf6 2. c4 d6 3. Nf3 g6 4. g3 Bg7 5. Bg2 0-0 6. 0-0 c5 7. d5 Bg4 8. Nc3 a6 9. Bf4 Qd7 10. Qd2 Bh3 11. e4 Bxg2 12. Kxg2 Nh5 13. Bh6 b5 14. Bxg7 Kxg7 15. b3 e6 16. dxe6 fxe6 17. cxb5 axb5 18. Rad1 Qf7 19. Qe2 b4 20. Nb5 d5 21. exd5 exd5 22. Ng5 Re8 23. Qb2+ Qf6 24. Qxf6+ Kxf6 25. Nxh7+ Kg7 26. Nc7 Rxa2 27. Nxe8+ Kxh7 28. Rxd5 Rb2 29. Rxc5 Rxb3 30. Rb5 Nc6 31. Rc1 Nd4 32. Rb7+ Kh6 33. Rc4 Ne2 34. Rcxb4 Rxb4 35. Rxb4 Nf6 36. Nxf6 1-0